01251 2200589 4500001002100000008004100021035002000062082000800082084001400090100001900104245004500123250000600168260003000174300001200204650001300216990001200229990001200241990001200253990001200265990001200277990001200289990001200301990001200313990001200325990001200337990001200349990001200361990001200373990001200385990001200397990001200409990001200421990001200433990001200445990001200457990001200469990001200481990001200493990001200505990001200517990001200529990001200541990001200553990001200565990001200577990001200589990001200601990001200613990001200625990001200637990001200649INLIS000000000000802 ind  a0010-0524000037 a540 a540 TIM k aProgresif, Tim aX.Press UN SMA Kimia 2020cTim Progresif a1 aJakarta :bErlanggac2019 a220 hlm aNonFiksi a0740452 a0740453 a0740454 a0740455 a0740456 a0740457 a0740458 a0740459 a0740460 a0740461 a0740462 a0740463 a0740464 a0740465 a0740466 a0740467 a0740468 a0740469 a0740470 a0740471 a0740472 a0740473 a0740474 a0740475 a0740476 a0740477 a0740478 a0740479 a0740480 a0740481 a0740482 a0740483 a0740484 a0740485 a0740486 a0740487